Databázová aplikácia v prostredí e-shop

Salvato in:
Dettagli Bibliografici
Autore principale: Pastucha, Matej (Autore)
Altri autori: Nemlaha, Eduard (Relatore della tesi)
Natura: Manoscritto Libro
Lingua:slovacco
Pubblicazione: 2017
Soggetti:
Accesso online:http://is.stuba.sk/zp/portal_zp.pl?podrobnosti=114982
Tags: Aggiungi Tag
Nessun Tag, puoi essere il primo ad aggiungerne!!

MARC

LEADER 00000ntm a22000003a 4500
001 stuzp61060
003 SK-STU
005 20170701210442.9
007 ta
008 150427s2015----xo-----f-mn---000-0-slo-d
040 |a STU  |b slo 
041 0 |a slo 
100 1 |a Pastucha, Matej  |u 066000  |4 aut  |U MTF Materiálovotechnologická fakulta  |T MTF Ústav aplikovanej informatiky, automatizácie a mechatroniky  |X 73334  |U M6000  |Y 86  |7 73334 
242 0 1 |a Database application in e-shop environment  |y eng 
245 1 0 |a Databázová aplikácia v prostredí e-shop 
260 |c 2017 
650 4 |a fyzický model  |2 slo 
650 4 |a databáza  |2 slo 
650 4 |a e-shop  |2 slo 
650 4 |a entitno-relačný model  |2 slo 
650 4 |a entity-relational model  |2 eng 
650 4 |a e-shop  |2 eng 
650 4 |a database  |2 eng 
650 4 |a physical model  |2 eng 
700 1 |a Nemlaha, Eduard  |u 066000  |k Z1  |4 ths  |U MTF Materiálovotechnologická fakulta  |T MTF Ústav aplikovanej informatiky, automatizácie a mechatroniky  |X 2759  |U M6000  |Y 86  |7 A000002759 
856 4 |u http://is.stuba.sk/zp/portal_zp.pl?podrobnosti=114982 
996 |c M* BP-8026  |l MMSKP  |s P  |a 0  |w stuzp61060_0001